| 000 | 01146nam a2200253 i 4500 | ||
|---|---|---|---|
| 001 | 166908 | ||
| 003 | ES-MaACL | ||
| 005 | 20250409130034.0 | ||
| 008 | 960520q1891 sp |||| | spa d | ||
| 100 | 1 |
_aValera, Juan, _d1824-1905 _9112638 |
|
| 245 | 1 | 0 |
_aVentura de la Vega : _bestudio biográfico-crítico / _cpor Juan Valera. |
| 260 |
_aMadrid : _bSáenz de Jubera hermanos, _c[1891] ( _fImp. de A. Pérez Dubrull) |
||
| 300 |
_a61 p. : _b1 retr. ; _c18 cm. |
||
| 490 | 1 |
_aPersonajes ilustres ; _v3 |
|
| 530 | _aDisponible en formato digital. | ||
| 599 | _aEn p. 4 : Retr. de Ventura de la Vega. | ||
| 600 | 1 | 4 |
_aVega, Ventura de la, _d1807-1865 _9113584 |
| 830 | 1 |
_aPersonajes ilustres ; _v3 _9176457 |
|
| 852 |
_aES-MaACL _jT-759-F-2 _cDEPOF _q Enciclopedia holandesa conservando cubierta original _xEncuadernación en un volumen facticio _9173337 _zRevisado enlace: 09 de Abril de 2025 |
||
| 852 |
_aES-MaACL _j1814-F-11 _9173336 _cDEPOF _zRevisado enlace: 09 de Abril de 2025 |
||
| 856 |
_uhttp://bdh-rd.bne.es/viewer.vm?id=0000201142&page=1 _yBiblioteca Digital Hispánica |
||
| 942 | _2udc | ||
| 999 |
_c166908 _d166908 |
||